000 00674nam a2200241Ia 4500
003 OSt
005 20221005085355.0
006 a|||||r|||| 00| 0
007 ta
008 221004b |||||||| |||| 00| 0 eng d
024 _a18377
037 _bGift, 01/06/2015,
_cTextual
040 _aCRL
_cCRL
_beng
041 _2eng
_aeng
082 _aO111,1N19w, H8
100 _aEllmann Richard
245 0 _aYeats
_b The man the masks
260 _aNew York
_bE. P. Dutton & Co. U.S.A
_c1948
300 _a331p.
_ccm.
650 _aENGLISH LITERATURE
942 _hO111,1N19w, H8
_cTEXL
_2cc
999 _c994127
_d994127